Country Shapes in the Map of Europe #2 - Statistics

General Stats
  • This quiz has been taken 8,224 times
  • The average score is 10 of 10
Answers on the Map
Answers color-coded by a green-red scale on the quiz's map according to % correct below.
 
Answer Stats
Country % Correct
Iceland
100%
Ireland
100%
Italy
100%
Spain
100%
Sweden
100%
Denmark
99%
Poland
99%
Croatia
97%
Latvia
97%
Romania
97%
No matching quizzes found
Score Distribution
Percent of People with Each Score
Percentile by Number Answered
Your Score History
You have not taken this quiz